000
00314nam a22001337a 4500
008
171024b xxu||||| |||| 00| 0 eng d
020
_a
9780077572808
041
_a
eng
080
_2
10TH
_a
311
100
_a
55
101
_a
STA
245
_a
PRACTICAL BUSINESS MATH PROCEDURES
_c
SLATER,J
942
_2
udc
_c
BK
999
_c
35793
_d
35793